Adapting to climate uncertainty in African agriculture: narratives and knowledge politics
Guardat en:
| Autor principal: | |
|---|---|
| Format: | Llibre |
| Idioma: | anglès |
| Publicat: |
: Routledge
2016
|
| Etiquetes: |
Afegir etiqueta
Sense etiquetes, Sigues el primer a etiquetar aquest registre!
|
MARC
| LEADER | 00000nam a22000007a 4500 | ||
|---|---|---|---|
| 008 | 210120b ||||| |||| 00| 0 eng d | ||
| 020 | |a : 978-1-138-84933-4 | ||
| 100 | |a WHITFIELD, Stephen | ||
| 245 | |a Adapting to climate uncertainty in African agriculture: narratives and knowledge politics |c Stephen Whitfield | ||
| 260 | |b : Routledge |c 2016 |h London |i 685781 |l S589.76 .W55 | ||
| 942 | |a lcc |c BK |e Mr ogunleye | ||
| 952 | |0 0 |1 0 |2 lcc |4 0 |6 S058976 W55 |7 0 |9 1306 |a HOL |b HOL |d 2021-01-20 |l 0 |o S589.76 .W55 |p 2021-0119 |r 2021-01-20 00:00:00 |w 2021-01-20 |y BK | ||
| 999 | |c 672 |d 672 | ||